000 00485nam a2200157Ia 4500
005 20250423094735.0
008 250422s9999 xx 000 0 und d
020 _a92-9186-021-2
050 _aHQ 792 .N5 C46/
245 0 _aChildren’s and women’s rights in Nigeria : a wake-up call : situation assessment and analysis, 2001
260 _aAbuja : National Planning Commission ; Lagos : UNICEF
260 _c2001
300 _a332 p
650 _aPolitical Science
942 _cBK
999 _c28151
_d28151